| 000 | 01505cam a2200325 i 4500 | ||
|---|---|---|---|
| 003 | SA-RiAUC | ||
| 005 | 20241201123737.0 | ||
| 008 | 241128s1992 sy g 000 0 ara c | ||
| 024 | 0 | _a33000000008138 | |
| 040 |
_aSA-MuMU _bara _cSA-RiAUC _erda |
||
| 082 | 0 | 4 |
_a224.1 _qSA-RiAUC |
| 090 |
_a224.1 _b ر ا غ |
||
| 100 | 1 |
_aالراغب الأصفهاني، الحسين بن محمد بن المفضل، _dتوفي 502 هجري _eمؤلف. |
|
| 245 | 1 | 0 |
_aمفردات ألفاظ القرآن / _cتأليف العلامة الراغب الأصفهاني ؛ تحقيق صفوان عدنان داوودي. |
| 250 | _aالطبعة الأولى. | ||
| 264 | 1 |
_aدمشق ؛ _aبيروت : _bدار القلم ؛ _bدار الشامية، _c1992 |
|
| 300 |
_a1248 صفحة ؛ _c24 سم |
||
| 336 |
_aنص _btxt _2rdacontent _3كتاب |
||
| 337 |
_aبدون وسيط _bn _2rdamedia |
||
| 338 |
_aمجلد _bnc _2rdacarrier |
||
| 500 | _aقوبل على أربع نسخ خطية. | ||
| 504 | _aيشتمل على إرجاعات ببليوجرافية. | ||
| 630 | 2 | 7 |
_aالقرآن _xألفاظ _2aucut |
| 630 | 2 | 7 |
_aالقرآن _xألفاظ _2aucut |
| 700 | 1 |
_aداودي، صفوان عدنان، _d1960- _eمحقق. |
|
| 700 | 1 | 2 |
_iتحقيق لـ (عمل) : _aالراغب الأصفهاني، الحسين بن محمد بن المفضل، _dتوفي 502 هجري. _tمفردات ألفاظ القرآن. |
| 730 | 2 | 2 | _aالقرآن. |
| 942 |
_2ddc _cBOOK _n0 |
||
| 949 |
_aSA-JeALM _d241128 _uosman123 _n1 |
||
| 999 |
_c2889 _d2889 |
||